=LDR 00000nam 2200000 4500 =001 INLIS000000000015224 =005 20130612110514 =008 ***********************************Ind** =035 ##$$0010-061300000015224 =041 ##$$a Ind =082 ##$$a 621.8 =090 ##$$a 621.8, Din-d =100 ##$$a Holowenko, A.R =245 ##$$a Dinamika Permesinan, A.R. Holowenko =260 ##$$a 1980 $b Jakarta =300 ##$$a VI, 435, Ilus, 21 cm =650 ##$$a Permesinan =850 ##$$a NBPNMAT